Export Receipts May 2006 / (Record no. 586064)
[ view plain ]
| 000 -LEADER | |
|---|---|
| fixed length control field | 00334nam a22001097a 4500 |
| 082 ## - DEWEY DECIMAL CLASSIFICATION NUMBER | |
| Classification number | 382.609549 SBP |
| 245 ## - TITLE STATEMENT | |
| Title | Export Receipts May 2006 / |
| Statement of responsibility, etc. | Edited by State Bank of Pakistan |
| 260 ## - PUBLICATION, DISTRIBUTION, ETC. | |
| Place of publication, distribution, etc. | Karachi : |
| Name of publisher, distributor, etc. | State Bank of Pakistan, |
| Date of publication, distribution, etc. | 2006. |
| 300 ## - PHYSICAL DESCRIPTION | |
| Extent | 350 p. ; |
| Dimensions | 24 cm. |
| 942 ## - ADDED ENTRY ELEMENTS (KOHA) | |
| Source of classification or shelving scheme | |
| Koha item type | Book |
| Withdrawn status | Lost status | Source of classification or shelving scheme | Damaged status | Not for loan | Permanent Location | Current Location | Date acquired | Full call number | Barcode | Date last seen | Price effective from | Koha item type |
|---|---|---|---|---|---|---|---|---|---|---|---|---|
| Central Library (CL) | Central Library (CL) | 08/03/2021 | 382.609549 SBP | S3H-R-164 | 08/03/2021 | 08/03/2021 | Reference | |||||
| Central Library (CL) | Central Library (CL) | 08/03/2021 | 382.609549 SBP | S3H-R-166 | 08/03/2021 | 08/03/2021 | Book | |||||
| Central Library (CL) | Central Library (CL) | 08/03/2021 | 382.609549 SBP | S3H-R-165 | 08/03/2021 | 08/03/2021 | Reference |
